000
00318nam a22001337a 4500
008
170724b xxu||||| |||| 00| 0 eng d
020
_a
066478035100349500000000
041
_a
eng
080
_a
004
100
_a
29
101
_a
SHKI
245
_a
DATABASE DESIGN FOR MERE MORTALS
_c
HERNANDEZ, M.J
942
_2
udc
_c
BK
999
_c
21827
_d
21827